000 00609nam a2200145Ia 4500
008 100204s9999 xx 000 0 und d
082 _b8669
100 _aसहस्त्रबुध्दे वसंत द.
245 _aग्रंहगोलांच्या नवलकथा
260 _b"अनाथ विद्यार्थी गृह प्रकाशन, पुणे"
_c1964
300 _a6+172
630 _aग्रंहगोलांच्या नवलकथा
730 _aग्रंहगोलांच्या नवलकथा
942 _cBOOK
999 _c453105
_d453102